000 01053nam a2200229Ia 4500
003 IN-BaIIA
008 211028s9999 xx 000 0 eng d
040 _cIIA Library
080 _a523.985.3(082.2)
_bDEN
111 _aWorkshop on Radio Fluctuations in Solar Flares
_cRamada Hotel, Lanham, Maryland
_d1985 Sep. 30 - Oct. 4
_916392
245 0 _aRadio fluctuations in solar flares
_bproceedings of a workshop on radio fluctuations in solar flares, held in the Ramada Hotel, Lanham, Maryland, September 30 - October 4, 1985
_cedited by Brain R. Dennis, Larry E. Orwig and Alan L. Kiplinger
260 _aWashington
_bNational Aeronautics and Space Administration
_c1987
300 _axii, 478p.
490 _aNASA conference publication; 2449
650 _aAstronomy and Astrophysics Thesaurus
650 _aFlares
_96133
650 _aSolar Activity
_91424
700 _aDennis, Brain R., ed.
_916393
700 _aKiplinger, Alan L., ed.
_916394
700 _aOrwig, Larry E., ed.
_916395
942 _cBK
999 _c9699
_d9699